Statistics for Countries by territory on the Tropic of Cancer

Click here to take the quiz!

General Stats

  • This quiz has been taken 8 times
  • The average score is 13 of 20

Answer Stats

Distance (In M)Answer% Correct
1,180China
100%
1,268India
100%
771.8Algeria
83%
668.2Egypt
83%
821.9Libya
83%
873.6Saudi Arabia
83%
377.4Mauritania
67%
500.9Mexico
67%
392.3Myanmar
67%
231.4Oman
67%
227.7Bangladesh
50%
47Chad
50%
3.3Japan
50%
131.9Mali
50%
211.3Morocco (Western Sahara)
50%
239.4Niger
50%
80.1Taiwan
50%
187.5United Arab Emirates
50%
28United States
50%
2.1Bahamas
33%

Score Distribution

Percentile by Number Answered

Percent of People with Each Score

Your Score History

You have not taken this quiz